000 01279cam a2200301 4500
008 040426n2004 000 0 eng u
020 _a0421797908
035 _a(Sirsi) u125974
041 _aeng
050 _a614.7026
_c18
100 _aShort, Brenda
245 _aEnvironmental law in a nutshell
260 _aLondon
_bSweet and Maxwell
_c2004
300 _aviii, 167p.
_c22cm.
350 _a6.50
490 _aSweet and Maxwell Nutshells
520 _aExplains the basic principles of environmental law, highlighting the key cases and statutes. Covers: the English legal system; what constitutes environmental law; tools of the environmental lawyer; tort; the planning system; environmental impact assessment; EU and international environmental law; pollution control; statutory nuisance; water pollution; atmospheric pollution; noise pollution; waste management; and contaminated land. Includes exam and assignment tips and useful resources.
650 _aPOLLUTION
650 _aWASTE MANAGEMENT
650 _aCONTAMINATED LAND
650 _aENVIRONMENTAL IMPACT ASSESSMENTS
650 _aPLANNING SYSTEM
650 _aSTATUTORY NUISANCE
650 _aTORT
650 _aENVIRONMENTAL LAW
690 _aENVIRONMENT-ENVIRONMENTAL LAW
942 _n0
999 _c103532
_d103532